The rainbow

Guardado en:
Bibliografiske detaljer
Hovedforfatter: Lawrence, D. H.
Format: Bog
Sprog:Undetermined
Udgivet: England Penguin 1977
Fag:
Tags: Tilføj Tag
Ingen Tags, Vær først til at tagge denne postø!

MARC

LEADER 00000nam a2200000Ia 4500
008 170316s9999 xx 000 0 und d
040 |a cru BVZT 
090 |a 820 L-4r 
100 |a Lawrence, D. H. 
245 4 |a The rainbow 
260 |a England 
260 |b Penguin 
260 |c 1977 
300 |a 495 páginas 
650 |a LITERATURA INGLESA 
999 |c 6985  |d 6985 
942 |c 15 D  |h 820 L-4r  |2 z